01677nam a2200385Ia 4500001001200000003000800012006001900020007001500039008004100054010001700095020003600112020003500148020001800183020001800201040002100219035002100240050002400261082001800285245012900303260005100432300002300483490006100506500008300567504005300650533015200703650004100855651005900896651004800955655002901003700002401032700003101056710001701087830006101104856012601165ebr10216989CaPaEBRm u cr cn|||||||||910617s1991 ilua sb 101 0 eng d z 91025305  z0226158438 (cloth : alk. paper) z0226158446 (pbk. : alk. paper) z9780226158433 z9780226158488 aCaPaEBRcCaPaEBR a(OCoLC)29052347214aHC125b.M255 1991eb04a339.5/09822004aThe macroeconomics of populism in Latin Americah[electronic resource] /cedited by Rudiger Dornbusch and Sebastian Edwards. aChicago :bUniversity of Chicago Press,c1991. aix, 402 p. :bill.1 aA National Bureau of Economic Research conference report aPapers of a conference held at the Interamerican Development Bank in May 1990. aIncludes bibliographical references and indexes. aElectronic reproduction.bPalo Alto, Calif. :cebrary,d2009.nAvailable via World Wide Web.nAccess may be limited to ebrary affiliated libraries. 0aPopulismzLatin AmericavCongresses. 0aLatin AmericaxEconomic conditionsy1945-vCongresses. 0aLatin AmericaxEconomic policyvCongresses. 7aElectronic books.2local1 aDornbusch, Rudiger.1 aEdwards, Sebastian,d1953-2 aebrary, Inc. 0aConference report (National Bureau of Economic Research)40uhttp://site.ebrary.com/lib/rucke/Doc?id=10216989zAn electronic book accessible through the World Wide Web; click to view